[Event "DVM U20 2022"]
[Site "Münster GER"]
[Date "2022.12.30"]
[Round "7"]
[White "Haufe, Laurin"]
[Black "Mooser, Nicolas"]
[Result "1/2-1/2"]
[Termination "normal"]
[Board "5.2"]
[WhiteElo "2139"]
[BlackElo "2095"]
[WhiteClock "00:39:01"]
[BlackClock "00:21:55"]
[WhiteTeam "Schachgemeinschaft Leipzig"]
[BlackTeam "FC Ergolding 1932 e.V."]
[PlyCount "133"]
[WhiteFideId "12976504"]
[BlackFideId "12979406"]
[EventCountry "GER"]
[EventRounds "7"]
[EventType "team-swiss"]
[EventDate "2022.12.26"]

1. e4 {[%emt 0:01:54]} c5 {[%emt 0:00:04]} 2. Nf3 {[%emt 0:00:04]} e6 {[%emt
0:00:03]} 3. d4 {[%emt 0:00:05]} cxd4 {[%emt 0:00:05]} 4. Nxd4 {[%emt 0:00:04]}
Nc6 {[%emt 0:00:05]} 5. Nc3 {[%emt 0:01:22]} Qc7 {[%emt 0:01:20]} 6. Be3 {[%emt
0:00:40]} a6 {[%emt 0:00:07]} 7. Qf3 {[%emt 0:00:09]} Ne5 {[%emt 0:01:30]} 8.
Qg3 {[%emt 0:00:06]} h5 {[%emt 0:00:48]} 9. Nf5 {[%emt 0:09:45]} f6 {[%emt
0:02:51]} 10. O-O-O {[%emt 0:06:39]} exf5 {[%emt 0:10:36]} 11. Nd5 {[%emt
0:00:06]} Qc6 {[%emt 0:02:03]} 12. Bb6 {[%emt 0:06:10]} f4 {[%emt 0:30:04]} 13.
Qxf4 {[%emt 0:09:45]} Kf7 {[%emt 0:07:31]} 14. Qe3 {[%emt 0:02:54]} Ne7 {[%emt
0:14:33]} 15. Nc7 {[%emt 0:03:56]} Rb8 {[%emt 0:01:14]} 16. f4 {[%emt 0:17:47]}
Ng4 {[%emt 0:03:37]} 17. Qb3 Kg6 18. h3 Nh6 19. Rd3 Kh7 20. Rc3 Qd6 21. Ba7
Qxf4 22. Kd1 Nc6 23. Bxb8 Qe5 24. Nxa6 Nxb8 25. Rxc8 Nxa6 26. Bxa6 bxa6 27. Qb8
Nf7 28. Qxe5 Nxe5 29. Ke2 g5 30. Ra8 Be7 31. Rxh8 Kxh8 32. Rd1 Kg7 33. Rd5 Kf7
34. c3 Bd8 35. Rd6 Nc4 36. Rxd7 Be7 37. b3 Nd6 38. Kd3 Ke6 39. Ra7 f5 40. exf5
Nxf5 41. g4 hxg4 42. hxg4 Ng3 43. Rxa6 Ke5 44. Ke3 Nf1 45. Ke2 Ng3 46. Kf3 Nf1
47. Ra5 Ke6 48. Ra4 Ke5 49. Re4 Kf6 50. Kf2 Nd2 51. Re1 Bc5 52. Ke2 Ne4 53. Kd3
Nf2 54. Kc4 Ba7 55. Rg1 Ke5 56. b4 Kf4 57. Rf1 Kxg4 58. a4 Kf3 59. a5 g4 60. b5
Be3 61. b6 g3 62. b7 Ba7 63. Kb5 g2 64. Ra1 Ne4 65. Ka6 Bb8 66. c4 Nd2 67. Rg1
1/2-1/2

[Event "DVM U20 2022"]
[Site "Münster GER"]
[Date "2022.12.30"]
[Round "7"]
[White "Faßhauer, Jacob"]
[Black "Astner, Sebastian"]
[Result "1-0"]
[Termination "normal"]
[Board "5.4"]
[WhiteElo "2127"]
[BlackElo "1973"]
[WhiteClock "00:17:26"]
[BlackClock "00:58:29"]
[WhiteTeam "Schachgemeinschaft Leipzig"]
[BlackTeam "FC Ergolding 1932 e.V."]
[PlyCount "87"]
[WhiteFideId "12990167"]
[BlackFideId "12979422"]
[EventCountry "GER"]
[EventRounds "7"]
[EventType "team-swiss"]
[EventDate "2022.12.26"]

1. e4 e5 {[%emt 0:00:04]} 2. Nf3 {[%emt 0:00:05]} Nf6 {[%emt 0:00:03]} 3. d4
{[%emt 0:00:05]} Nxe4 {[%emt 0:00:58]} 4. dxe5 {[%emt 0:00:05]} d5 {[%emt
0:00:36]} 5. Nbd2 {[%emt 0:00:06]} Nxd2 {[%emt 0:02:31]} 6. Qxd2 {[%emt
0:00:06]} Be7 {[%emt 0:02:03]} 7. Bd3 {[%emt 0:06:38]} Nc6 {[%emt 0:00:59]} 8.
h3 {[%emt 0:08:57]} Nb4 {[%emt 0:01:40]} 9. O-O {[%emt 0:03:54]} Nxd3 {[%emt
0:01:18]} 10. Qxd3 {[%emt 0:01:16]} O-O {[%emt 0:01:14]} 11. b3 {[%emt
0:10:10]} c5 {[%emt 0:05:13]} 12. Bb2 {[%emt 0:04:28]} Be6 {[%emt 0:01:35]} 13.
Rad1 {[%emt 0:05:14]} Qb6 {[%emt 0:01:48]} 14. Kh1 {[%emt 0:08:00]} Rac8 {[%emt
0:02:48]} 15. Qe3 {[%emt 0:11:45]} Rfd8 {[%emt 0:03:13]} 16. Qf4 {[%emt
0:02:19]} h6 {[%emt 0:03:15]} 17. Qg3 {[%emt 0:06:02]} Qa6 {[%emt 0:04:47]} 18.
a4 {[%emt 0:08:21]} d4 {[%emt 0:07:00]} 19. Nh2 {[%emt 0:04:57]} Bf5 20. Rd2
Rc6 21. f4 Qb6 22. Ng4 c4 23. a5 Qb5 24. Rxd4 Rxd4 25. Bxd4 cxb3 26. Rb1 Bxc2
27. e6 Bg6 28. exf7 Kf8 29. Ne5 Bxb1 30. Nxc6 g6 31. Nxe7 Qf1 32. Bg1 Kxe7 33.
Qxb3 b5 34. axb6 axb6 35. Qxb6 Kxf7 36. Qc7 Ke8 37. Kh2 Qd3 38. Bc5 Qe4 39. Qc8
Kf7 40. Qd7 Kg8 41. Bd6 h5 42. Be5 Kf8 43. Bg7 Kg8 44. Bh6 1-0

[Event "DVM U20 2022"]
[Site "Münster GER"]
[Date "2022.12.30"]
[Round "7"]
[White "Ponomarev, Maximilian"]
[Black "Enxing, Philemon"]
[Result "1-0"]
[Termination "normal"]
[Board "5.5"]
[WhiteElo "1917"]
[BlackElo "1828"]
[WhiteClock "00:50:45"]
[BlackClock "00:16:05"]
[WhiteTeam "FC Ergolding 1932 e.V."]
[BlackTeam "Schachgemeinschaft Leipzig"]
[PlyCount "91"]
[WhiteFideId "16216768"]
[BlackFideId "16217632"]
[EventCountry "GER"]
[EventRounds "7"]
[EventType "team-swiss"]
[EventDate "2022.12.26"]

1. e4 e6 {[%emt 0:00:05]} 2. d4 {[%emt 0:00:04]} d5 {[%emt 0:00:04]} 3. Bd3
{[%emt 0:00:03]} Nf6 {[%emt 0:00:48]} 4. e5 {[%emt 0:00:13]} Nfd7 {[%emt
0:00:15]} 5. Nf3 {[%emt 0:00:10]} c5 {[%emt 0:01:00]} 6. c3 {[%emt 0:00:29]}
Nc6 {[%emt 0:00:19]} 7. O-O {[%emt 0:04:38]} Qb6 {[%emt 0:01:56]} 8. Bc2 {[%emt
0:00:25]} Be7 {[%emt 0:13:33]} 9. b3 {[%emt 0:03:45]} cxd4 {[%emt 0:06:34]} 10.
cxd4 {[%emt 0:01:18]} Nb4 {[%emt 0:20:37]} 11. Nc3 {[%emt 0:10:06]} Nxc2 {[%emt
0:02:39]} 12. Qxc2 {[%emt 0:00:07]} O-O {[%emt 0:02:05]} 13. Na4 {[%emt
0:07:12]} Qd8 {[%emt 0:02:18]} 14. Nc3 {[%emt 0:01:47]} b6 {[%emt 0:12:35]} 15.
a4 {[%emt 0:10:58]} Ba6 {[%emt 0:02:36]} 16. Re1 {[%emt 0:01:04]} Rc8 {[%emt
0:01:19]} 17. Ba3 {[%emt 0:00:48]} Bxa3 {[%emt 0:05:02]} 18. Rxa3 {[%emt
0:00:13]} Qe7 {[%emt 0:00:15]} 19. Raa1 {[%emt 0:00:22]} f6 {[%emt 0:00:41]}
20. Qb2 {[%emt 0:05:33]} fxe5 {[%emt 0:09:31]} 21. Nxe5 {[%emt 0:00:15]} Nxe5
{[%emt 0:00:41]} 22. Rxe5 {[%emt 0:01:13]} Qh4 23. Nb5 Rf6 24. g3 Qh3 25. Rae1
Rcf8 26. f4 Qg4 27. Qg2 Rg6 28. Rxe6 Rxe6 29. Qxd5 Bxb5 30. Rxe6 Kh8 31. axb5
h5 32. Re5 g6 33. Re7 Qd1 34. Kg2 Qc2 35. Kf3 Qd3 36. Kf2 Qc2 37. Re2 Qc8 38.
Qe5 Kg8 39. Qg5 Qg4 40. Qxg4 hxg4 41. Re5 Rc8 42. Rg5 Rc2 43. Ke3 Kf7 44. Rxg4
Rxh2 45. Kd3 Kf6 46. Rg5 1-0

[Event "DVM U20 2022"]
[Site "Münster GER"]
[Date "2022.12.30"]
[Round "7"]
[White "Wang, Ruiming"]
[Black "Helmbrecht, Paul"]
[Result "0-1"]
[Termination "normal"]
[Board "5.6"]
[WhiteElo "1808"]
[BlackElo "1681"]
[WhiteClock "00:16:45"]
[BlackClock "00:58:55"]
[WhiteTeam "Schachgemeinschaft Leipzig"]
[BlackTeam "FC Ergolding 1932 e.V."]
[PlyCount "64"]
[WhiteFideId "16217659"]
[BlackFideId "16270932"]
[EventCountry "GER"]
[EventRounds "7"]
[EventType "team-swiss"]
[EventDate "2022.12.26"]

1. Nf3 {[%emt 0:00:02]} Nf6 {[%emt 0:00:05]} 2. g3 {[%emt 0:00:04]} b5 {[%emt
0:00:04]} 3. Bg2 {[%emt 0:00:22]} Bb7 {[%emt 0:00:04]} 4. O-O {[%emt 0:00:11]}
c5 {[%emt 0:00:08]} 5. d4 {[%emt 0:02:01]} e6 {[%emt 0:00:20]} 6. Bf4 {[%emt
0:03:47]} Be7 {[%emt 0:06:25]} 7. dxc5 {[%emt 0:01:19]} Bxc5 {[%emt 0:00:10]}
8. Bd6 {[%emt 0:00:26]} Bxd6 {[%emt 0:00:09]} 9. Qxd6 {[%emt 0:00:08]} Qe7
{[%emt 0:00:40]} 10. Qxe7 {[%emt 0:00:52]} Kxe7 {[%emt 0:00:04]} 11. Nc3 {[%emt
0:03:22]} b4 {[%emt 0:01:42]} 12. Nb5 {[%emt 0:06:09]} Rc8 {[%emt 0:06:54]} 13.
Rfc1 {[%emt 0:06:49]} a6 {[%emt 0:05:30]} 14. Nbd4 {[%emt 0:00:52]} Be4 {[%emt
0:00:09]} 15. Nd2 {[%emt 0:10:36]} Bxg2 {[%emt 0:00:08]} 16. Kxg2 {[%emt
0:00:04]} Nc6 {[%emt 0:03:16]} 17. Nxc6 {[%emt 0:00:28]} Rxc6 {[%emt 0:00:09]}
18. Nf3 {[%emt 0:14:58]} Rc4 {[%emt 0:07:20]} 19. b3 {[%emt 0:08:29]} Rc5
{[%emt 0:08:21]} 20. a3 {[%emt 0:02:12]} Rac8 {[%emt 0:00:19]} 21. axb4 {[%emt
0:10:07]} Rxc2 {[%emt 0:00:09]} 22. Rxc2 {[%emt 0:00:03]} Rxc2 {[%emt 0:00:06]}
23. Rxa6 {[%emt 0:05:26]} Rxe2 {[%emt 0:00:38]} 24. Nd4 {[%emt 0:03:38]} Re4
{[%emt 0:00:48]} 25. Nc2 {[%emt 0:02:16]} Nd5 {[%emt 0:00:21]} 26. b5 {[%emt
0:02:08]} f5 27. b6 Kd6 28. Na3 Rb4 29. Nc4 Ke7 30. Kf1 Rxb3 31. Ra7 Nxb6 32.
Rb7 Nxc4 0-1

[Event "DVM U20 2022"]
[Site "Münster GER"]
[Date "2022.12.30"]
[Round "7"]
[White "Koll, Linus"]
[Black "Waffenschmidt, Lars"]
[Result "1/2-1/2"]
[Termination "normal"]
[Board "6.1"]
[BlackTitle "FM"]
[WhiteElo "2058"]
[BlackElo "2287"]
[WhiteClock "00:15:45"]
[BlackClock "00:09:16"]
[WhiteTeam "Karlsruher SF 1853"]
[BlackTeam "SK Bebenhausen 1992"]
[PlyCount "128"]
[WhiteFideId "12990299"]
[BlackFideId "16244656"]
[EventCountry "GER"]
[EventRounds "7"]
[EventType "team-swiss"]
[EventDate "2022.12.26"]

1. e4 {[%clk 01:30:59]} {[%emt 11:29:10]} e5 {[%clk 01:30:52]} {[%emt
00:00:08]} 2. Nf3 {[%clk 01:31:25]} {[%emt 00:00:04]} Nc6 {[%clk 01:31:18]}
{[%emt 00:00:05]} 3. Bc4 {[%clk 01:31:51]} {[%emt 00:00:04]} Bc5 {[%clk
01:31:39]} {[%emt 00:00:09]} 4. d3 {[%clk 01:32:07]} {[%emt 00:00:14]} Nf6
{[%clk 01:31:55]} {[%emt 00:00:13]} 5. Nc3 {[%clk 01:32:32]} {[%emt 00:00:05]}
h6 {[%clk 01:32:17]} {[%emt 00:00:08]} 6. Be3 {[%clk 01:32:55]} {[%emt
00:00:07]} Bxe3 {[%clk 01:32:38]} {[%emt 00:00:09]} 7. fxe3 {[%clk 01:33:21]}
{[%emt 00:00:05]} d6 {[%clk 01:32:59]} {[%emt 00:00:08]} 8. O-O {[%clk
01:33:30]} {[%emt 00:00:22]} Na5 {[%clk 01:33:20]} {[%emt 00:00:09]} 9. Bb3
{[%clk 01:32:28]} {[%emt 00:01:32]} Nxb3 {[%clk 01:32:59]} {[%emt 00:00:51]}
10. axb3 {[%clk 01:32:53]} {[%emt 00:00:05]} O-O {[%clk 01:33:10]} {[%emt
00:00:19]} 11. Qe1 {[%clk 01:31:51]} {[%emt 00:01:33]} c6 {[%clk 01:32:42]}
{[%emt 00:00:57]} 12. Rd1 {[%clk 01:25:48]} {[%emt 00:06:33]} b5 {[%clk
01:26:25]} {[%emt 00:06:48]} 13. b4 {[%clk 01:21:47]} {[%emt 00:04:32]} Be6
{[%clk 01:21:03]} {[%emt 00:05:51]} 14. h3 {[%clk 01:12:02]} {[%emt 00:10:15]}
a5 {[%clk 01:05:35]} {[%emt 00:15:58]} 15. bxa5 {[%clk 01:11:22]} {[%emt
00:01:11]} Rxa5 {[%clk 01:05:56]} {[%emt 00:00:09]} 16. b4 {[%clk 01:04:38]}
{[%emt 00:07:14]} Ra3 {[%clk 01:05:41]} {[%emt 00:00:43]} 17. Ra1 {[%clk
01:04:50]} {[%emt 00:00:19]} Rxa1 {[%clk 01:04:21]} {[%emt 00:01:50]} 18. Qxa1
{[%clk 01:05:15]} {[%emt 00:00:05]} Qb6 {[%clk 01:03:54]} {[%emt 00:00:57]} 19.
Kf2 {[%clk 00:56:00]} {[%emt 00:09:45]} Nd7 {[%clk 01:02:43]} {[%emt 00:01:41]}
20. Qa3 {[%clk 00:53:22]} {[%emt 00:03:08]} Rc8 {[%clk 00:51:19]} {[%emt
00:11:54]} 21. Ke2 {[%clk 00:45:20]} {[%emt 00:08:32]} Qd8 {[%clk 00:39:15]}
{[%emt 00:12:33]} 22. Ra1 {[%clk 00:43:49]} {[%emt 00:02:01]} Nb6 {[%clk
00:39:13]} {[%emt 00:00:32]} 23. Qb2 {[%clk 00:39:09]} {[%emt 00:05:10]} Ra8
{[%clk 00:36:48]} {[%emt 00:02:54]} 24. Rxa8 {[%clk 00:36:34]} {[%emt
00:03:06]} Qxa8 {[%clk 00:37:08]} {[%emt 00:00:10]} 25. Nb1 {[%clk 00:30:36]}
{[%emt 00:06:28]} f6 {[%clk 00:37:11]} {[%emt 00:00:27]} 26. Qa3 {[%clk
00:30:07]} {[%emt 00:01:00]} Qb7 {[%clk 00:37:14]} {[%emt 00:00:26]} 27. Nc3
{[%clk 00:27:02]} {[%emt 00:03:35]} Kf7 {[%clk 00:36:51]} {[%emt 00:00:53]} 28.
Qa5 {[%clk 00:26:17]} {[%emt 00:01:16]} g5 {[%clk 00:36:25]} {[%emt 00:00:55]}
29. Kf2 {[%clk 00:24:05]} {[%emt 00:02:42]} Ke7 {[%clk 00:36:16]} {[%emt
00:00:39]} 30. h4 {[%clk 00:22:07]} {[%emt 00:02:29]} Na8 {[%clk 00:34:24]}
{[%emt 00:02:22]} 31. Ne2 {[%clk 00:16:05]} {[%emt 00:06:32]} Nc7 {[%clk
00:30:48]} {[%emt 00:04:06]} 32. Ng3 {[%clk 00:15:30]} {[%emt 00:01:06]} c5
{[%clk 00:24:50]} {[%emt 00:06:28]} 33. Nf5 {[%clk 00:11:51]} {[%emt 00:04:09]}
Bxf5 {[%clk 00:24:06]} {[%emt 00:01:14]} 34. exf5 {[%clk 00:12:12]} {[%emt
00:00:09]} Qc6 {[%clk 00:20:08]} {[%emt 00:04:27]} 35. bxc5 {[%clk 00:09:18]}
{[%emt 00:03:25]} Qxc5 {[%clk 00:20:20]} {[%emt 00:00:18]} 36. c4 {[%clk
00:08:13]} {[%emt 00:01:35]} e4 {[%clk 00:16:01]} {[%emt 00:04:48]} 37. dxe4
{[%clk 00:06:02]} {[%emt 00:02:41]} Qxc4 {[%clk 00:15:27]} {[%emt 00:01:04]}
38. hxg5 {[%clk 00:03:57]} {[%emt 00:02:35]} hxg5 {[%clk 00:15:26]} {[%emt
00:00:31]} 39. Nd4 {[%clk 00:04:12]} {[%emt 00:00:15]} Kd7 {[%clk 00:15:29]}
{[%emt 00:00:27]} 40. Qa3 {[%clk 00:02:13]} {[%emt 00:02:30]} b4 {[%clk
00:08:06]} {[%emt 00:07:53]} 41. Qa4 {[%clk 00:00:50]} {[%emt 00:01:54]} Kc8
{[%clk 00:08:21]} {[%emt 00:00:13]} 42. Qb3 {[%clk 00:30:21]} {[%emt 00:00:59]}
Qxb3 {[%clk 00:36:52]} {[%emt 00:01:59]} 43. Nxb3 {[%clk 00:30:41]} {[%emt
00:00:10]} Na6 {[%clk 00:34:53]} {[%emt 00:02:28]} 44. Ke2 {[%clk 00:29:45]}
{[%emt 00:01:26]} Nc5 {[%clk 00:30:56]} {[%emt 00:04:27]} 45. Nxc5 {[%emt
00:00:40]} dxc5 {[%clk 00:31:18]} {[%emt 00:00:07]} 46. Kd3 {[%clk 00:29:56]}
{[%emt 00:00:11]} Kd7 {[%clk 00:31:33]} {[%emt 00:00:16]} 47. e5 {[%clk
00:30:13]} {[%emt 00:00:14]} fxe5 {[%clk 00:28:20]} {[%emt 00:03:43]} 48. e4
{[%clk 00:28:57]} {[%emt 00:01:46]} b3 {[%clk 00:26:53]} {[%emt 00:01:56]} 49.
Kc3 {[%clk 00:28:24]} {[%emt 00:01:03]} c4 {[%clk 00:27:10]} {[%emt 00:00:13]}
50. g4 {[%clk 00:28:17]} {[%emt 00:00:38]} Kc6 {[%clk 00:26:44]} {[%emt
00:00:56]} 51. Kb2 {[%clk 00:27:34]} {[%emt 00:01:13]} Kd6 {[%clk 00:26:32]}
{[%emt 00:00:41]} 52. Kc3 {[%clk 00:27:23]} {[%emt 00:00:42]} Kc5 {[%clk
00:26:20]} {[%emt 00:00:42]} 53. Kb2 {[%clk 00:25:38]} {[%emt 00:02:15]} Kb4
{[%clk 00:11:42]} {[%emt 00:15:07]} 54. f6 {[%clk 00:26:03]} {[%emt 00:00:05]}
c3 {[%clk 00:12:08]} {[%emt 00:00:04]} 55. Kb1 {[%clk 00:24:08]} {[%emt
00:02:25]} Ka3 {[%clk 00:12:28]} {[%emt 00:00:10]} 56. f7 {[%clk 00:23:57]}
{[%emt 00:00:41]} c2 {[%clk 00:12:40]} {[%emt 00:00:17]} 57. Kc1 {[%clk
00:24:18]} {[%emt 00:00:09]} b2 {[%clk 00:12:50]} {[%emt 00:00:20]} 58. Kxc2
{[%clk 00:24:45]} {[%emt 00:00:04]} Ka2 {[%clk 00:13:10]} {[%emt 00:00:09]} 59.
f8=Q {[%clk 00:25:00]} {[%emt 00:00:15]} b1=Q {[%clk 00:13:26]} {[%emt
00:00:14]} 60. Kd2 {[%clk 00:24:37]} {[%emt 00:00:53]} Qb2 {[%clk 00:12:44]}
{[%emt 00:01:12]} 61. Ke1 {[%clk 00:19:45]} {[%emt 00:05:21]} Qc1 {[%clk
00:11:49]} {[%emt 00:01:25]} 62. Kf2 {[%clk 00:17:11]} {[%emt 00:03:04]} Qd2
{[%clk 00:11:09]} {[%emt 00:01:10]} 63. Kf3 {[%clk 00:15:39]} {[%emt 00:02:02]}
Qd1 {[%clk 00:09:16]} {[%emt 00:02:23]} 64. Kf2 {[%clk 00:15:45]} {[%emt
00:00:24]} Qd2 {[%emt 00:00:32]} 1/2-1/2

[Event "DVM U20 2022"]
[Site "Münster GER"]
[Date "2022.12.30"]
[Round "7"]
[White "Honisch, Alexander"]
[Black "Wang, Xinyuan"]
[Result "1/2-1/2"]
[Termination "normal"]
[Board "6.2"]
[WhiteElo "1988"]
[BlackElo "1835"]
[WhiteClock "00:02:25"]
[BlackClock "00:02:23"]
[WhiteTeam "SK Bebenhausen 1992"]
[BlackTeam "Karlsruher SF 1853"]
[PlyCount "76"]
[WhiteFideId "16298594"]
[BlackFideId "16221494"]
[EventCountry "GER"]
[EventRounds "7"]
[EventType "team-swiss"]
[EventDate "2022.12.26"]

1. e4 {[%clk 01:30:37]} {[%emt 00:00:22]} c5 {[%clk 01:30:52]} {[%emt
00:00:08]} 2. Nf3 {[%clk 01:30:53]} {[%emt 00:00:14]} e6 {[%clk 01:31:18]}
{[%emt 00:00:05]} 3. c3 {[%clk 01:30:45]} {[%emt 00:00:38]} Nf6 {[%clk
01:29:36]} {[%emt 00:02:12]} 4. e5 {[%clk 01:27:02]} {[%emt 00:04:13]} Nd5
{[%clk 01:29:59]} {[%emt 00:00:07]} 5. d4 {[%clk 01:27:27]} {[%emt 00:00:05]}
cxd4 {[%clk 01:28:56]} {[%emt 00:01:34]} 6. cxd4 {[%clk 01:27:40]} {[%emt
00:00:16]} Nc6 {[%clk 01:29:19]} {[%emt 00:00:07]} 7. Nc3 {[%clk 01:25:37]}
{[%emt 00:02:33]} d6 {[%clk 01:28:12]} {[%emt 00:01:38]} 8. Nxd5 {[%clk
01:09:52]} {[%emt 00:16:15]} exd5 {[%clk 01:28:01]} {[%emt 00:00:41]} 9. Be2
{[%clk 01:10:10]} {[%emt 00:00:11]} Be7 {[%clk 01:13:20]} {[%emt 00:15:12]} 10.
O-O {[%clk 01:08:19]} {[%emt 00:02:21]} O-O {[%clk 01:13:40]} {[%emt 00:00:10]}
11. Bf4 {[%clk 01:03:59]} {[%emt 00:04:50]} Bg4 {[%clk 01:08:06]} {[%emt
00:06:04]} 12. Qd2 {[%clk 00:59:29]} {[%emt 00:05:00]} Re8 {[%clk 01:07:37]}
{[%emt 00:00:59]} 13. Rfd1 {[%clk 00:55:35]} {[%emt 00:04:25]} Qd7 {[%clk
00:51:45]} {[%emt 00:16:22]} 14. Rac1 {[%clk 00:52:07]} {[%emt 00:03:57]} Rad8
{[%clk 00:51:01]} {[%emt 00:01:14]} 15. h3 {[%clk 00:47:17]} {[%emt 00:05:21]}
Bh5 {[%clk 00:50:38]} {[%emt 00:00:54]} 16. a3 {[%clk 00:46:08]} {[%emt
00:01:39]} Bf8 {[%clk 00:37:00]} {[%emt 00:14:08]} 17. b4 {[%clk 00:39:48]}
{[%emt 00:06:50]} a6 {[%clk 00:33:06]} {[%emt 00:04:23]} 18. Rc3 {[%clk
00:35:47]} {[%emt 00:04:31]} Qc7 {[%clk 00:19:19]} {[%emt 00:14:17]} 19. Bg3
{[%clk 00:25:51]} {[%emt 00:10:27]} Qb6 {[%clk 00:17:43]} {[%emt 00:02:06]} 20.
exd6 {[%clk 00:13:06]} {[%emt 00:13:15]} Bxd6 {[%clk 00:16:42]} {[%emt
00:01:31]} 21. Bxd6 {[%clk 00:13:28]} {[%emt 00:00:09]} Rxd6 {[%clk 00:17:05]}
{[%emt 00:00:07]} 22. Re3 {[%clk 00:12:37]} {[%emt 00:01:20]} Rxe3 {[%clk
00:09:57]} {[%emt 00:07:38]} 23. Qxe3 {[%clk 00:12:24]} {[%emt 00:00:43]} Qd8
{[%clk 00:09:58]} {[%emt 00:00:29]} 24. Bd3 {[%clk 00:09:14]} {[%emt 00:03:40]}
Re6 {[%clk 00:06:47]} {[%emt 00:03:40]} 25. Qf4 {[%clk 00:08:16]} {[%emt
00:01:28]} Bxf3 {[%clk 00:05:31]} {[%emt 00:01:47]} 26. Qxf3 {[%emt 00:00:12]}
g6 {[%clk 00:05:44]} {[%emt 00:00:09]} 27. Bc2 {[%clk 00:07:12]} {[%emt
00:01:59]} Qd6 {[%clk 00:04:28]} {[%emt 00:01:46]} 28. Bb3 {[%clk 00:04:49]}
{[%emt 00:02:53]} Re4 {[%clk 00:04:28]} {[%emt 00:00:30]} 29. Qg3 {[%clk
00:02:07]} {[%emt 00:03:13]} Qe6 {[%clk 00:02:02]} {[%emt 00:02:56]} 30. Qc3
{[%clk 00:02:14]} {[%emt 00:00:23]} h5 {[%clk 00:01:11]} {[%emt 00:01:21]} 31.
a4 {[%clk 00:00:58]} {[%emt 00:01:45]} Qd6 {[%clk 00:01:32]} {[%emt 00:00:09]}
32. b5 {[%clk 00:00:58]} {[%emt 00:00:30]} axb5 {[%clk 00:01:10]} {[%emt
00:00:52]} 33. axb5 {[%clk 00:01:24]} {[%emt 00:00:05]} Ne7 {[%clk 00:01:35]}
{[%emt 00:00:05]} 34. Qc5 {[%clk 00:00:55]} {[%emt 00:00:59]} Qxc5 {[%clk
00:01:15]} {[%emt 00:00:50]} 35. dxc5 {[%clk 00:01:21]} {[%emt 00:00:04]} Rb4
{[%clk 00:01:38]} {[%emt 00:00:06]} 36. Bxd5 {[%clk 00:01:43]} {[%emt
00:00:08]} Nxd5 {[%clk 00:01:49]} {[%emt 00:00:19]} 37. Rxd5 {[%clk 00:02:04]}
{[%emt 00:00:08]} Rxb5 {[%clk 00:02:17]} {[%emt 00:00:03]} 38. Rd7 {[%clk
00:02:25]} {[%emt 00:00:09]} Rxc5 {[%clk 00:02:23]} {[%emt 00:00:24]} 1/2-1/2